| 000 | 00475nam a2200181Ia 4500 | ||
|---|---|---|---|
| 003 | GCL | ||
| 008 | 140319s9999 xx 000 0 eng d | ||
| 040 |
_aGCL / _cGCL |
||
| 082 | 0 | 4 |
_a821 _bH T |
| 100 | 1 | _aAMDH | |
| 245 | 1 | 0 |
_aTENNYSON POEMS PUBLISHED IN 1842 HUGHES / _cAMDH |
| 260 |
_a[S.N] : _bTHE UNIVERSITY PRESS |
||
| 300 | _a432 P | ||
| 650 | 0 | 4 | _aENGLISH LITERATURE |
| 650 | 0 | 4 | _aENGLISH POETRY - 19TH CENTURY |
| 650 | 0 | 4 | _aTENNY, GEORGE CLAYTON |
| 942 |
_2ddc _cBK |
||
| 999 |
_c15614 _d15614 |
||